000
00292nam a2200121Ia 4500
008
190216s9999||||xx |||||||||||||| ||und||
100
_a
Publication Division Author
245
0
_a
Symphony
260
_b
University Of Calicut
_c
1994
300
_a
58p
650
_a
English Poetry
942
_c
BK
999
_c
13829
_d
13829